000 00560nam a2200241Ia 4500
003 OSt
005 20220924150022.0
006 a|||||r|||| 00| 0
007 ta
008 220923b |||||||| |||| 00| 0 tel d
020 _c125
024 _a331371
037 _cTextual
040 _aARTS
_cARTS
_btel
041 _2tel
_atel
082 _aO35:g, N7
100 _aReddi
_9221096
245 0 _aTrana beniduvu
260 _c1997
650 _aTELUGU LITERATURE
942 _hO35:g, N7
_cTEXL
_2CC
999 _c461964
_d461964